书目信息 |
| 题名: |
从零开始读懂投资理财学
|
|
| 作者: | 邓琼芳 编著 | |
| 分册: | ||
| 出版信息: | 昆明 云南美术出版社 2020 |
|
| 页数: | 215页 | |
| 开本: | 21cm | |
| 丛书名: | ||
| 单 册: | ||
| 中图分类: | F830.59-49 | |
| 科图分类: | ||
| 主题词: | 投资--tou zi--通俗读物 | |
| 电子资源: | ||
| ISBN: | 978-7-5489-4075-3 | |
| 000 | 01088nam0 2200241 450 | |
| 001 | 2160546528 | |
| 005 | 20210928130734.0 | |
| 010 | @a978-7-5489-4075-3@dCNY38.00 | |
| 100 | @a20200918d2020 em y0chiy0120 ea | |
| 101 | 0 | @achi |
| 102 | @aCN@b530000 | |
| 105 | @ay z 000yy | |
| 106 | @ar | |
| 200 | 1 | @a从零开始读懂投资理财学@Acong ling kai shi du dong tou zi li cai xue@f邓琼芳编著 |
| 210 | @a昆明@c云南美术出版社@d2020 | |
| 215 | @a215页@d21cm | |
| 300 | @a成长文库系列 | |
| 330 | @a本书是一本应用经济学读物。当今社会,人们对投资理财的认知差距是导致财富悬殊的原因之一。许多人缺乏投资理财的基本知识和实践经验,盲目投资,使投资风险高涨,收益却不尽如人意,甚至投资失败、血本无归。可见,学习必要的投资理财知识和方法是一门重要的必修课,本书阐述了多种理财基础知识、理财方法和理财工具,内容贴近生活实际,并结合具体典型的实例,实用性强,本书旨在帮助读者从零开始读懂投资理财学,树立正确的理财意识。 | |
| 606 | 0 | @a投资@Atou zi@j通俗读物 |
| 690 | @aF830.59-49@v5 | |
| 701 | 0 | @a邓琼芳@Adeng qiong fang@4编著 |
| 801 | 0 | @aCN@b百万庄@c20210927 |
| 905 | @b1301463-66@dF830.59-49@e480@f4 | |
| 从零开始读懂投资理财学/邓琼芳编著.-昆明:云南美术出版社,2020 |
| 215页;21cm |
| 成长文库系列 |
| ISBN 978-7-5489-4075-3:CNY38.00 |
| 本书是一本应用经济学读物。当今社会,人们对投资理财的认知差距是导致财富悬殊的原因之一。许多人缺乏投资理财的基本知识和实践经验,盲目投资,使投资风险高涨,收益却不尽如人意,甚至投资失败、血本无归。可见,学习必要的投资理财知识和方法是一门重要的必修课,本书阐述了多种理财基础知识、理财方法和理财工具,内容贴近生活实际,并结合具体典型的实例,实用性强,本书旨在帮助读者从零开始读懂投资理财学,树立正确的理财意识。 |
| ● |
| 相关链接 |
|
|
|
|
正题名:从零开始读懂投资理财学
索取号:F830.59-49/480
 
预约/预借
| 序号 | 登录号 | 条形码 | 馆藏地/架位号 | 状态 | 备注 |
| 1 | 1301463 | 213014637 | 第一样本阅览室/ [索取号:F830.59-49/480] | 在馆 | |
| 2 | 1301464 | 213014646 | 第一借阅区/ [索取号:F830.59-49/480] | 在馆 | |
| 3 | 1301465 | 213014655 | 第一借阅区/ [索取号:F830.59-49/480] | 在馆 | |
| 4 | 1301466 | 213014664 | 第一借阅区/ [索取号:F830.59-49/480] | 在馆 |